|
|
|
|
| LEADER |
01015ncm a22002772a 4500 |
| 001 |
000827293 |
| 003 |
CZ BrMZK |
| 005 |
20120910161807.0 |
| 007 |
qu |
| 008 |
060927s1953 xr |||||r|||||||| cze d |
| 040 |
|
|
|a BOA001
|b cze
|c BOA001
|
| 072 |
|
7 |
|a 784
|x Vokální hudba
|2 Konspekt
|9 9
|
| 100 |
1 |
|
|a Stanislav, Josef,
|d 1897-1971
|7 jk01120871
|4 cmp
|
| 245 |
1 |
0 |
|a Údernická
|h [hudebnina] /
|c Josef Stanislav. Májová / Václav Dobiáš. Pozdrav republice : pro zpěv a klavír / Štěpán Martínek
|
| 260 |
|
|
|a Praha :
|b Státní nakladatelství krásné literatury,
|c 1953
|
| 300 |
|
|
|a 16 s.
|
| 490 |
1 |
|
|a Za mír (SNKL) ;
|v 12
|
| 700 |
1 |
2 |
|a Dobiáš, Václav,
|d 1909-1978
|7 jk01022436
|4 cmp
|
| 700 |
1 |
2 |
|a Martínek, Štěpán,
|d 1903-1957
|7 jx20110311013
|4 cmp
|
| 740 |
0 |
2 |
|a Májová
|
| 740 |
0 |
2 |
|a Pozdrav republice
|
| 830 |
|
0 |
|a Za mír (SNKL)
|
| 910 |
|
|
|a BOA001
|b Mus1-0304.309
|
| 990 |
|
|
|a MU
|
| 991 |
|
|
|b 200609
|
| 996 |
6 |
|
|b 2619226359
|c Mus1-0304.309
|l MZK
|r Sklad / do 1 hodiny
|n 1
|w 000827293
|u 000010
|a 1
|e BOA001
|j MZK50
|s P
|